000 00919nam a22002897a 4500
001 9293
003 FISKH
005 20260309152441.0
008 251209b cb ||||| |||| 00| 0 eng d
020 _a059041206X
040 _aFISKH
_beng
_cFISKH
_dFISKH
050 _aE302.H5 F74
082 _a973.3092
100 _aFritz , Jean
245 _aWhere was Patrick Henry on the 29 of May ? /
_cby Jean Fritz : illustrated by Margot Tomes
260 _aNew York :
_bScholastic ,
_c1975.
300 _a47 pages :
_bcolor illustrations ;
_c19 cm .
490 _aBringing History to Life
505 _aZ
520 _aA brief biography of Patrick Henry tracing his progress from planter to statesman.
521 8 _a1000
_bLexile
521 8 _aZ
_bRaz-Plus
650 _aRevolutionary War
_vHistorical fiction
700 _aTomes, Margot
_eIllustrator
942 _2ddc
_cBK
_n0
999 _c9293
_d9293